000 00406nam a22001697a 4500
003 OSt
008 240816b |||||||| |||| 00| 0 eng d
020 _a9780241593257
082 _a746.44 GAE
100 _aGANDERTON, Lucinda
245 _aEmbroidery Stitches Step by Step
250 _a1st. ed.
260 _aLondon,
_bDK Publishers,
_c2022,
300 _a159 p.
650 _aBFAD
942 _2ddc
_cREF
999 _c12824
_d12824